000 00333nam a2200145 i 4500
001 bg
100 1 _aJałowiecki, Jerzy.
245 0 _aSkoda 105, 120, 130 /
_cJ. Jałowiecki.
250 _aWyd. 3 uakt.
260 _aWarszawa,
_c1987.
040 _cBPK
041 _apol
942 _cKS
008 s pl f |000 0 pol
999 _c3319
_d3319
856 _uhttp://koha.tu.koszalin.pl/cgi-bin/koha/opac-detail.pl?biblionumber=3319
_yKatalog online BPK